Yves Benot et Marcel Dorigny, 1802. Rétablissement de l’esclavage dans les colonies. Aux origines d’Haïti. Ruptures et continuités de la politique coloniale française (1800-1830) Maisonneuve et Larose, Paris, 2002 (notice n° 1642773)
[ vue normale ]
| 000 -LEADER | |
|---|---|
| fixed length control field | 00651cam a2200145 4500500 |
| 005 - DATE AND TIME OF LATEST TRANSACTION | |
| control field | 20260201141714.0 |
| 041 ## - LANGUAGE CODE | |
| Language code of text/sound track or separate title | fre |
| 042 ## - AUTHENTICATION CODE | |
| Authentication code | dc |
| 100 10 - MAIN ENTRY--PERSONAL NAME | |
| Personal name | Fonkoua, Romuald |
| Relator term | author |
| 245 00 - TITLE STATEMENT | |
| Title | Yves Benot et Marcel Dorigny, 1802. Rétablissement de l’esclavage dans les colonies. Aux origines d’Haïti. Ruptures et continuités de la politique coloniale française (1800-1830) Maisonneuve et Larose, Paris, 2002 |
| 260 ## - PUBLICATION, DISTRIBUTION, ETC. | |
| Date of publication, distribution, etc. | 2004.<br/> |
| 500 ## - GENERAL NOTE | |
| General note | 39 |
| 786 0# - DATA SOURCE ENTRY | |
| Note | Présence Africaine | 169 | 1 | 2004-02-01 | p. 241f-256f | 0032-7638 |
| 856 41 - ELECTRONIC LOCATION AND ACCESS | |
| Uniform Resource Identifier | <a href="https://shs.cairn.info/revue-presence-africaine-2004-1-page-241f?lang=fr&redirect-ssocas=7080">https://shs.cairn.info/revue-presence-africaine-2004-1-page-241f?lang=fr&redirect-ssocas=7080</a> |
Pas d'exemplaire disponible.




Réseaux sociaux